000 00910nam a2200253 a 4500
001 BRCA_559
005 20190320203049.0
008 961011s1997 wiua---###---#000-1#eng-d
020 _a1562475150
040 _aDLC
_cDLC
_dDLC
050 4 _aF1216.5
_b.T75 1997
100 1 _aTripp, Valerie
_d1951-
_91930
245 1 0 _aMeet Josefina
_bAn American Girl
_cby Valerie Tripp ; illustrations Jean-Paul Tibbles ; vignettes Susan McAliley.
260 _aMiddleton, Wisconsin
_bPleasant
_c1997
300 _a85 p.
_bil. a color
_c22 cm.
440 0 _aThe American Girls Collection
_v1
_91931
500 _aIncluye piezas de la colección Franz Mayer: (p. 81)
500 _aIncluye glosario de palabras en español
651 4 _aNuevo México
_xVida cotidiana
_91932
651 4 _aNuevo México
_xCivilización y cultura
_91933
700 1 _aTibbles, Jean-Paul
_91934
700 1 _aMcAliley, Susan
_91935
942 _2lcc
_cB
999 _c490
_d490